Ronaldo's achievements - Statistiques

Statistiques générales
  • Ce quiz a été pris 12 fois
  • Le résultat moyen est 7 sur 16
Statistiques - réponses
Hint Réponse % Correct
Manchester United Premier League
90%
Real Madrid & Manchester United Champions League
80%
Real Madrid Copa del Rey
70%
Manchester United FA Cup
60%
Juventus Serie A
60%
Portugal EURO
50%
Real Madrid LaLiga
50%
Portugal UEFA Nations League
50%
Manchester United Community Shield
30%
Juventus Coppa Italia
30%
Manchester United EFL Cup
30%
Real Madrid & Manchester United FIFA Club World Cup
30%
Real Madrid Super Cup Spain
30%
Juventus Super Cup Italy
20%
Sporting Super Cup Portugal
20%
Real Madrid UEFA Super Cup
20%
Aucun quiz correspondant
Distribution des résultats
% des personnes avec chaque résultat
Percentile par nombre de réponses
Votre historique - résultats
Vous n’avez pas pris ce quiz